Microprocessors: a step-wise approach to advanced processors (Record no. 9585)

MARC details
000 -LEADER
fixed length control field 00566nam a22002057a 4500
003 - CONTROL NUMBER IDENTIFIER
control field OSt
005 - DATE AND TIME OF LATEST TRANSACTION
control field 20251028145037.0
008 - FIXED-LENGTH DATA ELEMENTS--GENERAL INFORMATION
fixed length control field 251028b |||||||| |||| 00| 0 eng d
020 ## - INTERNATIONAL STANDARD BOOK NUMBER
International Standard Book Number 8885039677
020 ## - INTERNATIONAL STANDARD BOOK NUMBER
International Standard Book Number 9798885039673
040 ## - CATALOGING SOURCE
Transcribing agency DDC
082 ## - DEWEY DECIMAL CLASSIFICATION NUMBER
Classification number 004.1 KAV 2021
100 ## - MAIN ENTRY--PERSONAL NAME
Personal name Kavuri, Chandra
9 (RLIN) 19503
245 ## - TITLE STATEMENT
Title Microprocessors: a step-wise approach to advanced processors
260 ## - PUBLICATION, DISTRIBUTION, ETC. (IMPRINT)
Place of publication, distribution, etc. India; Notion Press, 2021
300 ## - PHYSICAL DESCRIPTION
Extent x,446p.; Ill: 23cm
504 ## - BIBLIOGRAPHY, ETC. NOTE
Bibliography, etc References, & index included
650 ## - SUBJECT ADDED ENTRY--TOPICAL TERM
Topical term or geographic name as entry element Microprocessors
9 (RLIN) 12816
942 ## - ADDED ENTRY ELEMENTS (KOHA)
Source of classification or shelving scheme Other/Generic Classification Scheme
Koha item type Open Shelf
Holdings
Withdrawn status Lost status Source of classification or shelving scheme Damaged status Not for loan Home library Current library Date acquired Source of acquisition Inventory number Total Checkouts Full call number Barcode Date last seen Koha item type
    Dewey Decimal Classification     Main Kihumuro Campus Main Kihumuro Campus 28/10/2025 Purchase 25/42414   004.1 KAV 2021 2025-0171 28/10/2025 Open Shelf
    Dewey Decimal Classification     Main Kihumuro Campus Main Kihumuro Campus 28/10/2025 Purchase 25/42415   004.1 KAV 2021 2025-0172 28/10/2025 Open Shelf